| LEADER |
01678nam0a2200229 450 |
| 001 |
16847543 |
| 010 |
|
|
|a 979-10-401-2059-9
|b br.
|d 22
|
| 100 |
|
|
|a 20251006d2026 u u0frey01 ba
|
| 101 |
1 |
|
|a fre
|c fin
|
| 102 |
|
|
|a FR
|
| 200 |
0 |
|
|a honte (La)
|f Arttu Tuominen
|g traduit du finnois par Claire Saint-Germain
|
| 207 |
|
1 |
|a
|
| 210 |
|
|
|a [Paris]
|c Editions de la Martinière
|d DL 2025
|
| 215 |
|
|
|a 1 vol. (419 p.)
|d 22 cm
|
| 225 |
1 |
|
|a Delta noir
|
| 330 |
|
|
|a Sur Internet, personne n'est vraiment qui il prétend être... Dans les rues de la petite ville finlandaise de Pori, Laura, treize ans, disparaît sans laisser de traces. Pour Linda Toivonen, inspectrice à la brigade criminelle et mère célibataire, l'enquête ravive de douloureux souvenirs. Très vite, elle découvre que l'adolescente échangeait avec des hommes plus âgés sur un réseau en ligne aussi opaque qu'inquiétant. Quand Linda s'aperçoit que d'autres jeunes filles ont disparu dans des circonstances similaires, toutes les pistes convergent vers une figure sinistre : Peter Pan, un prédateur qui refuse de grandir. À mesure que l'enquête progresse, une angoisse obsédante s'empare de Linda : et si sa fille était la prochaine sur la liste ? Dans La Honte , Arttu Tuominen explore les zones d'ombres du monde numérique et tisse une toile complexe où se mêlent enquête policière et drame familial.
|
| 461 |
|
0 |
|t Delta noir
|
| 700 |
|
0 |
|a Tuominen
|b Arttu
|f 1981-....
|4 70
|
| 702 |
|
0 |
|a Saint-Germain
|b Claire
|c Traducteur
|f 1979-....
|4 730
|
| 900 |
|
|
|a Roman Policier
|
| 901 |
|
|
|a Accessible au prêt
|
| 995 |
|
|
|a Bibliothèque
|c Bibliothèque
|f 024026017
|h 024026017
|k RP TUO
|o p
|q a
|r az
|e Bibliothèque
|